08388 2203841 4500001002100000008004100021035002000062245003600082260004100118300002100159020001800180084001600198082001000214650001000224990001400234990001400248990001400262990001400276990001400290990001400304990001400318990001400332990001400346990001400360990001400374990001400388990001400402990001400416990001400430990001400444990001400458990001400472990001400486990001400500990001400514990001400528990001400542990001400556990001400570990001400584990001400598990001400612990001400626990001400640990001400654990001400668990001400682990001400696990001400710990001400724990001400738990001400752990001400766990001400780990001400794990001400808990001400822990001400836990001400850990001400864990001400878990001400892990001400906990001400920990001400934990001400948990001400962990001400976990001400990990001401004990001401018990001401032990001401046990001401060990001401074990001401088990001401102990001401116990001401130990001401144990001401158990001401172990001401186990001401200990001401214990001401228990001401242990001401256990001401270990001401284990001401298990001401312990001401326990001401340990001401354990001401368990001401382990001401396990001401410990001401424990001401438990001401452990001401466990001401480990001401494990001401508990001401522990001401536990001401550990001401564990001401578990001401592990001401606990001401620990001401634990001401648990001401662990001401676990001401690990001401704990001401718990001401732990001401746990001401760990001401774990001401788990001401802990001401816990001401830990001401844990001401858990001401872990001401886990001401900990001401914990001401928990001401942990001401956990001401970990001401984990001401998990001402012990001402026990001402040990001402054990001402068990001402082990001402096990001402110990001402124990001402138990001402152990001402166990001402180990001402194990001402208990001402222990001402236990001402250990001402264990001402278990001402292990001402306990001402320990001402334990001402348990001402362990001402376990001402390990001402404990001402418990001402432990001402446990001402460990001402474990001402488990001402502990001402516990001402530990001402544990001402558990001402572990001402586990001402600990001402614990001402628990001402642990001402656990001402670990001402684990001402698990001402712990001402726990001402740990001402754990001402768990001402782990001402796990001402810990001402824990001402838990001402852990001402866990001402880990001402894990001402908990001402922990001402936990001402950990001402964990001402978990001402992990001403006990001403020990001403034990001403048990001403062990001403076990001403090990001403104990001403118990001403132990001403146990001403160990001403174990001403188990001403202990001403216990001403230990001403244990001403258990001403272990001403286990001403300990001403314990001403328990001403342990001403356990001403370990001403384990001403398990001403412990001403426990001403440990001403454990001403468990001403482990001403496990001403510990001403524990001403538990001403552990001403566990001403580990001403594990001403608990001403622990001403636990001403650990001403664990001403678990001403692990001403706990001403720990001403734990001403748990001403762990001403776990001403790990001403804990001403818990001403832990001403846990001403860990001403874990001403888990001403902990001403916990001403930990001403944990001403958990001403972990001403986990001404000990001404014990001404028990001404042990001404056990001404070990001404084990001404098990001404112990001404126990001404140990001404154990001404168990001404182990001404196990001404210990001404224990001404238990001404252990001404266990001404280990001404294990001404308990001404322990001404336990001404350990001404364990001404378990001404392990001404406990001404420990001404434990001404448990001404462990001404476990001404490990001404504990001404518990001404532INLIS000000000000052 ind  a0010-0824000001 aAL QUR'AN HADIScAGUS SETIAWATI aYOGYAKARTAbDAFA BINTANG REKSAc2024 a90c20 X 28,5 CM a9789799946584 a297.1 AGU a a297.1 aagama aIKM.19996 aIKM.19997 aIKM.19998 aIKM.19999 aIKM.20000 aIKM.20001 aIKM.20002 aIKM.20003 aIKM.20004 aIKM.20005 aIKM.20006 aIKM.20007 aIKM.20008 aIKM.20009 aIKM.20010 aIKM.20011 aIKM.20012 aIKM.20013 aIKM.20014 aIKM.20015 aIKM.20016 aIKM.20017 aIKM.20018 aIKM.20019 aIKM.20020 aIKM.20021 aIKM.20022 aIKM.20023 aIKM.20024 aIKM.20025 aIKM.20026 aIKM.20027 aIKM.20028 aIKM.20029 aIKM.20030 aIKM.20031 aIKM.20032 aIKM.20033 aIKM.20034 aIKM.20035 aIKM.20036 aIKM.20037 aIKM.20038 aIKM.20039 aIKM.20040 aIKM.20041 aIKM.20042 aIKM.20043 aIKM.20044 aIKM.20045 aIKM.20046 aIKM.20047 aIKM.20048 aIKM.20049 aIKM.20050 aIKM.20051 aIKM.20052 aIKM.20053 aIKM.20054 aIKM.20055 aIKM.20056 aIKM.20057 aIKM.20058 aIKM.20059 aIKM.20060 aIKM.20061 aIKM.20062 aIKM.20063 aIKM.20064 aIKM.20065 aIKM.20066 aIKM.20067 aIKM.20068 aIKM.20069 aIKM.20070 aIKM.20071 aIKM.20072 aIKM.20073 aIKM.20074 aIKM.20075 aIKM.20076 aIKM.20077 aIKM.20078 aIKM.20079 aIKM.20080 aIKM.20081 aIKM.20082 aIKM.20083 aIKM.20084 aIKM.20085 aIKM.20086 aIKM.20087 aIKM.20088 aIKM.20089 aIKM.20090 aIKM.20091 aIKM.20092 aIKM.20093 aIKM.20094 aIKM.20095 aIKM.20096 aIKM.20097 aIKM.20098 aIKM.20099 aIKM.20100 aIKM.20101 aIKM.20102 aIKM.20103 aIKM.20104 aIKM.20105 aIKM.20106 aIKM.20107 aIKM.20108 aIKM.20109 aIKM.20110 aIKM.20111 aIKM.20112 aIKM.20113 aIKM.20114 aIKM.20115 aIKM.20116 aIKM.20117 aIKM.20118 aIKM.20119 aIKM.20120 aIKM.20121 aIKM.20122 aIKM.20123 aIKM.20124 aIKM.20125 aIKM.20126 aIKM.20127 aIKM.20128 aIKM.20129 aIKM.20130 aIKM.20131 aIKM.20132 aIKM.20133 aIKM.20134 aIKM.20135 aIKM.20136 aIKM.20137 aIKM.20138 aIKM.20139 aIKM.20140 aIKM.20141 aIKM.20142 aIKM.20143 aIKM.20144 aIKM.20145 aIKM.20146 aIKM.20147 aIKM.20148 aIKM.20149 aIKM.20150 aIKM.20151 aIKM.20152 aIKM.20153 aIKM.20154 aIKM.20155 aIKM.20156 aIKM.20157 aIKM.20158 aIKM.20159 aIKM.20160 aIKM.20161 aIKM.20162 aIKM.20163 aIKM.20164 aIKM.20165 aIKM.20166 aIKM.20167 aIKM.20168 aIKM.20169 aIKM.20170 aIKM.20171 aIKM.20172 aIKM.20173 aIKM.20174 aIKM.20175 aIKM.20176 aIKM.20177 aIKM.20178 aIKM.20179 aIKM.20180 aIKM.20181 aIKM.20182 aIKM.20183 aIKM.20184 aIKM.20185 aIKM.20186 aIKM.20187 aIKM.20188 aIKM.20189 aIKM.20190 aIKM.20191 aIKM.20192 aIKM.20193 aIKM.20194 aIKM.20195 aIKM.20196 aIKM.20197 aIKM.20198 aIKM.20199 aIKM.20200 aIKM.20201 aIKM.20202 aIKM.20203 aIKM.20204 aIKM.20205 aIKM.20206 aIKM.20207 aIKM.20208 aIKM.20209 aIKM.20210 aIKM.20211 aIKM.20212 aIKM.20213 aIKM.20214 aIKM.20215 aIKM.20216 aIKM.20217 aIKM.20218 aIKM.20219 aIKM.20220 aIKM.20221 aIKM.20222 aIKM.20223 aIKM.20224 aIKM.20225 aIKM.20226 aIKM.20227 aIKM.20228 aIKM.20229 aIKM.20230 aIKM.20231 aIKM.20232 aIKM.20233 aIKM.20234 aIKM.20235 aIKM.20236 aIKM.20237 aIKM.20238 aIKM.20239 aIKM.20240 aIKM.20241 aIKM.20242 aIKM.20243 aIKM.20244 aIKM.20245 aIKM.20246 aIKM.20247 aIKM.20248 aIKM.20249 aIKM.20250 aIKM.20251 aIKM.20252 aIKM.20253 aIKM.20254 aIKM.20255 aIKM.20256 aIKM.20257 aIKM.20258 aIKM.20259 aIKM.20260 aIKM.20261 aIKM.20262 aIKM.20263 aIKM.20264 aIKM.20265 aIKM.20266 aIKM.20267 aIKM.20268 aIKM.20269 aIKM.20270 aIKM.20271 aIKM.20272 aIKM.20273 aIKM.20274 aIKM.20275 aIKM.20276 aIKM.20277 aIKM.20278 aIKM.20279 aIKM.20280 aIKM.20281 aIKM.20282 aIKM.20283 aIKM.20284 aIKM.20285 aIKM.20286 aIKM.20287 aIKM.20288 aIKM.20289 aIKM.20290 aIKM.20291 aIKM.20292 aIKM.20293 aIKM.20294 aIKM.20295 aIKM.20296 aIKM.20297 aIKM.20298 aIKM.20299 aIKM.20300 aIKM.20301 aIKM.19994 aIKM.19995